Diccionario histórico de la ciencia moderna en España / (Record no. 56298)

MARC details
000 -LEADER
campo de control de longitud fija 00798nam a2200217 i 4500
001 - NÚMERO DE CONTROL
campo de control 56298
003 - IDENTIFICADOR DE NÚMERO DE CONTROL
campo de control ES-MaACL
005 - FECHA Y HORA DE LA ÚLTIMA TRANSACCIÓN
campo de control 20250815104805.0
007 - CAMPO FIJO DE DESCRIPCIÓN FÍSICA--INFORMACIÓN GENERAL
campo de control de longitud fija t|
008 - DATOS DE LONGITUD FIJA--INFORMACIÓN GENERAL
campo de control de longitud fija 031007s1983 sp ||||1| spa d
245 00 - MENCIÓN DEL TÍTULO
Título Diccionario histórico de la ciencia moderna en España /
Mención de responsabilidad, etc. José M. López Piñero ... [et al.].
260 ## - PUBLICACIÓN, DISTRIBUCIÓN, ETC.
Lugar de publicación, distribución, etc. [Barcelona] :
Nombre del editor, distribuidor, etc. Península,
Fecha de publicación, distribución, etc. [1983]
300 ## - DESCRIPCIÓN FÍSICA
Extensión 2 v. ;
Dimensiones 20 cm.
490 1# - MENCIÓN DE SERIE
Mención de serie Serie universitaria. Historia, Ciencia, Sociedad
650 #4 - PUNTO DE ACCESO ADICIONAL DE MATERIA--TÉRMINO DE MATERIA
Término de materia o nombre geográfico como elemento de entrada Ciencia-
Subdivisión geográfica España-
Subdivisión de forma Historia-
-- Diccionarios.
9 (RLIN) 170687
650 00 - PUNTO DE ACCESO ADICIONAL DE MATERIA--TÉRMINO DE MATERIA
Término de materia o nombre geográfico como elemento de entrada Científicos-
Subdivisión general Biografías-
Subdivisión de forma Diccionarios.
9 (RLIN) 11004
700 1# - ENTRADA AGREGADA--NOMBRE PERSONAL
Nombre de persona López Piñero, José María.
9 (RLIN) 73895
830 00 - PUNTO DE ACCESO ADICIONAL DE SERIE-TÍTULO UNIFORME
Título uniforme Serie universitaria.
Nombre de parte o sección de la obra Historia, ciencia, sociedad
9 (RLIN) 182628
852 ## - LOCALIZACIÓN
Ubicación ES-MaACL
Número de control de estantería L-5383-4
Sublocalización o colección R.105863
Holdings
Estatus retirado Estado de pérdida Estado de daño No para préstamo Colección Biblioteca de origen Biblioteca actual Ubicación en estantería Fecha de adquisición Fuente de adquisición Total de préstamos Signatura topográfica completa Código de barras Visto por última vez Precio de reemplazo Tipo de ítem Koha
        Colección de referencia Biblioteca del Ateneo de Madrid Biblioteca del Ateneo de Madrid Depósito 2 17/01/2008     L-5383-4 1059132 23/02/2023 23/02/2023 Libro impreso